000 00717nam a2200229Ia 4500
005 20250508163833.0
008 008 250505s9999 xx 000 0 eng d
020 _a0-7914-3589-X
037 _aTextBook
040 _aFEDL
_beng
_cFEDL
041 _aeng
_2eng
084 _a373.747, NEH
_qFEDL
100 _aNehring James
_9776229
245 0 _aSchool within us : The creation of an innovative public school US
260 _aNew York, USA
_bState University
_c1998
300 _a234p
365 _aUSD
_b34.5
490 _aSuny Democracy and Education
650 _aHigh School - New York; School Management And Organization
_9776501
942 _cTB
_h373.747, NEH
999 _c1385528
_d1385528